00759nam a22001817a 4500003000900000008004100009040007100050082002100121100002300142245002600165260003700191300003000228440004500258505022800303650001100531650001300542650002200555AR-CdUCM190509b ||||| |||| 00| 0 spa d aMUNICIPALIDAD PROVINCIAL DEL CUSCOcBIBLIOTECA MUNICIPAL DEL CUSCO 22ed.a981 /bB41 aBeltrán, Juan G. aHistoria del Brasil / aBuenos Aires :bClaridad,c1944. a210 páginas ;c20.5 cm. aBiblioteca de Escritores Argentinos.n23 aContenido: Los orígenes históricos del Brasil -- Reconocimientos y exploraciones de las costas Brasileñas -- Amerindios e incolas -- Colonización feudal del Brasil -- Creación del gobierno general en el Brasil ... aBrasil aHistoria aAmérica del Sur